000 01236njm a2200289Ia 4500
001 25952
003 IT-RoPAU
005 20220918181202.0
008 131025s9999 xx 000 0 und d
040 _aIT-RoPAU
040 _cIT-RoPAU
041 _aLATINO
999 _c103079
_d103079
999 _bn.d.
100 _aPerosi Lorenzo
_91325
100 _eAutore musica
_915027
100 _gCodice autore musica SPICS: 8117
_91327
245 _aMelodie sacre per coro a 4 voci sole e a 2 voci con organo
250 _a1a ed.
260 _aITALIA
260 _bPAB - MUSICA SACRA
300 _aDISCO
500 _aMusica sacra
505 _aCredidi, salmo a 2 voci e organo - Lauda Jerusalem, salmo a 2 voci e organo - O cor Jesu, mottetto a 2 voci e organo - Tantum Ergo, inno a 4 voci sole - O salutaris hostia, inno a 4 voci sole - Beati qui lugent, mottetto a 2 voci e organo - Felix namque es, mottetto a 2 voci e organo - Venite ad me omnes, mottetto a due voci e organo - Recordare, virgo mater, mottetto a 2 voci e organo - Sacerdotes Domini, mottetto a 2 voci e organo
511 _aCantori della Polifonica Ambrosiana diretta da Biella Giuseppe
650 _aMUSICA SACRA [DISCHI]
_eCodice MATERIA SPICS: 9950
_97174
942 _cMD
_2ddc